000 00536nam a2200193Ia 4500
005 20260429112253.0
008 260429s9999||||xx |||||||||||||| ||und||
020 _a9780691133959
041 _aEnglish
082 _a303.482
_bOST
100 _aOsterhammel, Jurgen
245 0 _aGlobalization :
_ba short history /
_cJurgen Osterhammel
250 _a1st ed.
260 _aPrinceton :
_bPrinceton University Press,
_c2005.
300 _axi, 182 p.; pbk
650 _aGlobalization
700 _a Petersson, Niels P.
942 _cTB
999 _c53231
_d53231